Information technology can drive transformation (Record no. 65580)

000 -LEADER
fixed length control field 00380pab a2200145 454500
008 - FIXED-LENGTH DATA ELEMENTS--GENERAL INFORMATION
fixed length control field 180718b2004-2005 xxu||||| |||| 00| 0 eng d
100 ## - MAIN ENTRY--PERSONAL NAME
Personal name Mandersheid, Ronald W.
245 ## - TITLE STATEMENT
Title Information technology can drive transformation
260 ## - PUBLICATION, DISTRIBUTION, ETC.
Date of publication, distribution, etc. 2004-2005
300 ## - PHYSICAL DESCRIPTION
Extent p.3-16.
362 ## - DATES OF PUBLICATION AND/OR SEQUENTIAL DESIGNATION
Dates of publication and/or sequential designation Winter
650 ## - SUBJECT ADDED ENTRY--TOPICAL TERM
Topical term or geographic name entry element Information technology
773 ## - HOST ITEM ENTRY
Main entry heading Public Manager
909 ## -
-- 65580
Holdings
Withdrawn status Lost status Damaged status Not for loan Permanent Location Current Location Date acquired Serial Enumeration / chronology Barcode Date last seen Price effective from Koha item type
        Indian Institute of Public Administration Indian Institute of Public Administration 2018-07-19 Volume no: 33, Issue no: 3 AR66032 2018-07-19 2018-07-19 Articles

Powered by Koha